Responses for Show #8730 - Friday, October 28, 2022

2022 Second Chance competition week 2, final game 2.

Contestants

[<< previous game]

Sadie Goldberger, an interpreter from Columbia, Maryland (subtotal of $4,800)

Jack Weller, a law student originally from San Diego, California (subtotal of $3,400)

Rowan Ward, a chart caller, writer, and editor from Chicago, Illinois (subtotal of $30,000)

[next game >>]

Jeopardy! Round responses

PICTURE THE NO. 1 HIT
BOOKS & AUTHORS
YOU MOVE ME
IN THE SCIENCE DICTIONARY
FROM THE LATIN
THE STRONGEST LINK
    $200 25
(Ken: Ooh, baby, that's right.)

"Step By Step"

rowan
    $200 27
Grisham

rowan
    $200 30
moving sidewalk

rowan
    $200 26
chlorophyll

Sadie
    $200 28
RX

rowan
    $200 29
Copenhagen

rowan
    $400 15
"Hotel California"

Sadie
    $400 7
(Alice) Walker

rowan
    $400 24
a golf cart

Jack
    $400 23
Orion

Sadie
    $400 22
(rowan: What is [Does a shaka] [*]?)

retro

rowan
    $400 21
the missing link

rowan
    $600 12
"Dancing Queen"

Sadie
    $600 6
[rowan does not include the leading article.]

The Underground Railroad

rowan
    $600 20
a ski lift

rowan
    $600 19
quarks

rowan
    $600 16
ambiguous

rowan
    $600 18
hyperlink

rowan
    $800 5
"Kiss From A Rose"

rowan
    $800 3
H Mart

Sadie
    $800 14
(Sadie: What is Ferris wheel?)
...
(Ken: They all had [*] although only Seattle's is still running.)

monorails

Sadie
Triple Stumper
    $800 8
sunspots

rowan
    $800 9
docent

Jack
    $800 17
a daisy chain

Jack
    $1000 4
"Cat's In The Cradle"

rowan
    $1000 2
Sister Carrie

Triple Stumper
    $1000 13
(rowan: What is... canoe?)

sculls

rowan
Triple Stumper
    $1000 1
Planck

Jack
    $1,800 10
scripture

Jack
    $1000 11
Zelda

Sadie

Scores at the first commercial break (after clue 15):

rowan Jack Sadie
$2,600 $3,600 $2,000

Scores at the end of the Jeopardy! Round:

rowan Jack Sadie
$6,800 $4,800 $2,600

Double Jeopardy! Round responses

DAYS OF YORE
STATE CAPITAL ATTRACTIONS
TV LAW
AFRICAN-AMERICAN FIRSTS
MYTH-POURRI
"SECOND" CHANCES
    $400 27
gunpowder

Jack
    $400 28
Sacramento

rowan
    $400 30
(Ken: Yes, your beloved ex-governor.)

Illinois

rowan
    $400 29
(Jackie) Robinson

rowan
    $400 21
Ra

Jack
    $400 22
second cousin

rowan
    $800 24
(Sadie: What is ant?)

a beehive hut

Sadie
Triple Stumper
    $800 23
Honolulu

rowan
    $800 25
The Good Wife

Sadie
    $800 26
(Misty) Copeland

rowan
    $800 20
Veritas

Jack
    $800 19
second person

Sadie
    $1200 8
troubadours

rowan
    $1200 6
Nashville

Triple Stumper
    $1200 18
How to Get Away with Murder

rowan
    $1200 1
(Colin) Powell

Jack
    $7,000 3
the Furies

Jack
    $1200 12
second lieutenant

rowan
    $6,400 9
Joan of Arc

rowan
    $1600 5
Phoenix

Jack
    $1600 17
The Lincoln Lawyer

Sadie
    $1600 14
Fitzgerald

rowan
    $1600 2
(rowan: Who's Theseus?)

Perseus

rowanJack
    $1600 11
the Second Republic

Jack
    $2000 15
bushido

Jack
    $2000 4
(Ken: Camp Randall's where the Badgers play, that is [*], Wisconsin.)

Madison

Triple Stumper
    $2000 16
Damages

Jack
    $2000 13
McLeod Bethune

Jack
    $2000 7
Ragnarok

Jack
    $2000 10
the Second Triumvirate

Jack

Scores at the end of the Double Jeopardy! Round:

rowan Jack Sadie
$20,000 $29,400 $5,000

[wagering suggestions for these scores]

Final Jeopardy! Round responses

ARTISTS
(Ken: Sabena was the national carrier of Belgium, and the correct response--Belgian surrealist [*].)
SadieWho is Picasso?
$5,000
rowanWho is Picasso???
$12,201
JackWho is Pi
$29,400
René Magritte

Final scores:

rowan Jack Sadie
$7,799 $0 $0

Cumulative scores:

rowan Jack Sadie
$37,799 $3,400 $4,800
Tournament champion: $35,000 + an advance to the Tournament of Champions 2nd runner-up: $10,000 1st runner-up: $20,000

Game dynamics:

Coryat scores:

rowan Jack Sadie
$15,200 $22,800 $5,000
27 R
(including 1 DD),
2 W
18 R
(including 2 DDs),
0 W
9 R,
2 W

Combined Coryat: $43,000

[game clues] [game scores] [suggest correction]

Game tape date: 2022-09-15
The J! Archive is created by fans, for fans. Scraping, republication, monetization, and malicious use prohibited; this site may use cookies and collect identifying information. See terms. The Jeopardy! game show and all elements thereof, including but not limited to copyright and trademark thereto, are the property of Jeopardy Productions, Inc. and are protected under law. This website is not affiliated with, sponsored by, or operated by Jeopardy Productions, Inc. Join the discussion at JBoard.tv.